000 00536nam a22001817a 4500
005 20241003135602.0
008 241003b |||||||| |||| 00| 0 eng d
020 _a9780409012385
041 _aEnglish
082 _a347.7 BEC
100 _lEnglish
245 _aBeck's Theory and Principles of Pleading in Civil Actions /
_cH Daniels
250 _aSixth Edition
260 _aDurban:
_bLexisNexis,
_c2002
300 _bxx, 509 pages;
_c25 cm.
650 _aLegal practice
_bLaw
942 _cBK
_6ALISON_BN_VRIES
999 _c3207
_d3207